| 000 | 00746aam a2200289 4500 | ||
|---|---|---|---|
| 005 | 20240521095027.0 | ||
| 008 | 150730b1988 xxu||||| |||| 00| 0 eng d | ||
| 020 | _a0897320832 | ||
| 041 | _aING | ||
| 082 | _a797.1 G177r | ||
| 100 | _aGallo, Rafael E. | ||
| 100 | _aMayfield, Michael W. | ||
| 245 | _aThe rivers of Costa Rica: a canoeing, kayaking, and rafting guide | ||
| 260 | _aEstados Unidos | ||
| 260 | _bMenasha Ridge Press | ||
| 260 | _c1988 | ||
| 300 | _a117 páginas | ||
| 505 | _aIncluye mapas y fotografías | ||
| 650 | _aDEPORTES ACUÁTICOS | ||
| 650 | _aCOSTA RICA | ||
| 650 | _aGEOGRAFÍA | ||
| 650 | _aHIDROLOGÍA | ||
| 650 | _aCLIMATOLOGÍA | ||
| 650 | _aGUÍA TURÍSTICA | ||
| 942 |
_cBK _2ddc |
||
| 999 |
_c417 _d417 |
||